Brecha salarial de gňero y discriminacin̤ retributiva causas y va̕s para combatirlas /

Bibliographic Details
Main Author: Martn̕ez Moreno, Carolina
Format: eBook
Language:Spanish
Published: Albacete: Editorial Bomarzo, 2019
Subjects:
Online Access:Acceso restringido

MARC

LEADER 00000nam a22000007a 4500
005 20200304215246.0
007 cr|||| ||||
008 200304s2019 es |||||s|||| 00||0 spa d
020 |a 978-84-17310-89-9 
035 |a 31035 
040 |a vLex 
090 |c 10179  |d 10179 
100 1 |a Martn̕ez Moreno, Carolina 
245 1 0 |a Brecha salarial de gňero y discriminacin̤ retributiva  |h [Recurso electrn̤ico] :  |b causas y va̕s para combatirlas /  |c Carolina Martn̕ez Moreno 
256 |a Servicio en ln̕ea 
260 |a Albacete:  |b Editorial Bomarzo,  |c 2019 
300 |a 1 recurso electrn̤ico 
506 1 |a Disponible solo en los productos indicados  |d vLex Global  |d vLex Global (Academic Edition, excluding Law Schools)  |d vLex Global (U.S. Academic Edition, Law Schools)  |d vLex Global (U.S. Academic Edition, excluding Law Schools)  |d vLex Global (Academic Edition, Law Schools) 
650 0 4 |a Derecho Laboral y Seguridad Social  |z Espaą 
740 0 |a vLex Libros (Servicio en ln̕ea) 
856 4 0 |u http://vlex.com/source/brecha-salarial-genero-discriminacion-retributiva-causas-vias-combatirlas-31035  |z Acceso restringido 
942 |c BOOK 
999 0 |a Labor law and social security